| 000 | 00519 a2200169 4500 | ||
|---|---|---|---|
| 020 | _a9788434892699 | ||
| 020 | _a8434892693 | ||
| 041 | _aspa | ||
| 100 | 1 | 0 | _aGomez Cerda, Alfredo |
| 245 | 1 | _aEl tren saltamontes / Alfredo Gomez Cerda ; ilustraciones de Margarita Menendez. | |
| 260 | _a Madrid : Ediciones SM, 2007. | ||
| 300 |
_a 61 pages : color illustrations ; _c19 cm. |
||
| 440 | _aBarco de vapor, 100. | ||
| 500 | _a"Primeros lectores"--Page 4 of cover. | ||
| 700 | 1 | 0 | _aMenendez, Margarita. |
| 942 | _cBK | ||
| 999 |
_c14038 _d14038 |
||